Statistics for Most Keystrokes - One Minute Sprint

Click here to take the quiz!

General Stats

  • This quiz has been taken 4,738 times
    (4,702 since last reset)
  • The average score is 375 of 480

Answer Stats

Hits % Correct
1
100%
8
99%
9
99%
6
99%
7
99%
2
99%
5
99%
3
99%
4
99%
16
98%
17
98%
18
98%
14
98%
15
98%
11
98%
12
98%
10
98%
13
98%
34
97%
33
97%
31
97%
35
97%
32
97%
38
97%
40
97%
39
97%
30
97%
37
97%
36
97%
29
97%
23
97%
22
97%
20
97%
19
97%
24
97%
21
97%
25
97%
28
97%
27
97%
26
97%
63
96%
64
96%
62
96%
65
96%
59
96%
66
96%
60
96%
61
96%
72
96%
58
96%
73
96%
74
96%
71
96%
70
96%
68
96%
69
96%
67
96%
53
96%
45
96%
46
96%
47
96%
44
96%
43
96%
57
96%
41
96%
48
96%
42
96%
49
96%
56
96%
54
96%
55
96%
51
96%
50
96%
52
96%
118
95%
117
95%
119
95%
120
95%
122
95%
116
95%
121
95%
123
95%
112
95%
124
95%
108
95%
109
95%
110
95%
113
95%
111
95%
115
95%
133
95%
136
95%
135
95%
137
95%
138
95%
107
95%
139
95%
134
95%
132
95%
127
95%
126
95%
128
95%
129
95%
131
95%
130
95%
125
95%
114
95%
86
95%
85
95%
83
95%
87
95%
88
95%
90
95%
89
95%
82
95%
81
95%
76
95%
106
95%
77
95%
78
95%
80
95%
79
95%
91
95%
84
95%
102
95%
75
95%
100
95%
103
95%
104
95%
105
95%
92
95%
99
95%
101
95%
95
95%
98
95%
93
95%
96
95%
94
95%
97
95%
185
94%
190
94%
184
94%
186
94%
187
94%
183
94%
189
94%
188
94%
176
94%
177
94%
191
94%
178
94%
179
94%
181
94%
180
94%
182
94%
209
94%
204
94%
203
94%
202
94%
205
94%
207
94%
175
94%
208
94%
201
94%
200
94%
195
94%
194
94%
193
94%
196
94%
197
94%
199
94%
198
94%
192
94%
167
94%
151
94%
150
94%
149
94%
152
94%
153
94%
155
94%
154
94%
148
94%
174
94%
142
94%
141
94%
140
94%
143
94%
144
94%
146
94%
145
94%
156
94%
147
94%
169
94%
168
94%
166
94%
171
94%
172
94%
157
94%
173
94%
165
94%
170
94%
160
94%
164
94%
158
94%
161
94%
159
94%
163
94%
162
94%
234
93%
235
93%
236
93%
233
93%
231
93%
237
93%
230
93%
229
93%
232
93%
246
93%
244
93%
245
93%
247
93%
243
93%
242
93%
239
93%
228
93%
241
93%
238
93%
240
93%
213
93%
214
93%
216
93%
212
93%
211
93%
227
93%
206
93%
210
93%
217
93%
215
93%
223
93%
218
93%
225
93%
226
93%
222
93%
224
93%
219
93%
220
93%
221
93%
257
92%
256
92%
258
92%
261
92%
255
92%
259
92%
260
92%
248
92%
254
92%
250
92%
249
92%
253
92%
252
92%
251
92%
271
91%
274
91%
272
91%
276
91%
270
91%
277
91%
275
91%
273
91%
264
91%
262
91%
269
91%
265
91%
263
91%
266
91%
268
91%
267
91%
286
90%
285
90%
288
90%
284
90%
287
90%
280
90%
278
90%
283
90%
279
90%
281
90%
282
90%
293
89%
295
89%
294
89%
291
89%
292
89%
289
89%
290
89%
299
88%
298
88%
300
88%
297
88%
296
88%
304
87%
305
87%
303
87%
302
87%
301
87%
310
86%
309
86%
307
86%
308
86%
306
86%
314
85%
313
85%
312
85%
311
85%
317
84%
315
84%
316
84%
320
83%
319
83%
318
83%
322
82%
323
82%
321
82%
326
81%
325
81%
324
81%
328
80%
329
80%
327
80%
331
79%
330
79%
333
78%
332
78%
336
77%
335
77%
334
77%
338
76%
337
76%
340
75%
341
75%
339
75%
343
74%
342
74%
344
73%
346
72%
345
72%
348
71%
347
71%
350
70%
349
70%
351
69%
353
68%
352
68%
354
67%
355
66%
356
66%
358
65%
357
65%
360
64%
359
64%
361
63%
362
62%
363
62%
364
61%
366
60%
365
60%
368
59%
367
59%
370
58%
369
58%
372
57%
371
57%
373
56%
376
55%
374
55%
375
55%
377
54%
379
53%
378
53%
381
52%
380
52%
383
51%
382
51%
385
50%
384
50%
387
49%
386
49%
390
48%
389
48%
388
48%
391
47%
394
46%
393
46%
392
46%
397
45%
395
45%
396
45%
399
44%
398
44%
401
43%
400
43%
404
42%
402
42%
403
42%
406
41%
405
41%
409
40%
407
40%
408
40%
411
39%
410
39%
412
38%
413
38%
416
37%
414
37%
415
37%
419
36%
417
36%
418
36%
422
35%
421
35%
420
35%
426
34%
425
34%
424
34%
423
34%
429
33%
428
33%
427
33%
434
32%
435
32%
433
32%
432
32%
430
32%
431
32%
439
31%
438
31%
440
31%
437
31%
436
31%
445
30%
446
30%
444
30%
443
30%
442
30%
441
30%
450
29%
451
29%
449
29%
448
29%
447
29%
456
28%
455
28%
454
28%
453
28%
452
28%
462
27%
463
27%
461
27%
458
27%
457
27%
459
27%
460
27%
470
26%
471
26%
472
26%
469
26%
465
26%
468
26%
466
26%
464
26%
467
26%
478
25%
479
25%
477
25%
480
25%
474
25%
473
25%
475
25%
476
25%

Score Distribution

Percentile by Number Answered

Percent of People with Each Score

Your Score History

You have not taken this quiz since the last reset